Rómska otázka z hľadiska verejnej mienky a právneho poriadku Slovenskej republiky

Legislatívna úprava postavenia Rómov v SR. Rómska otázka z hľadiska verejnej mienky. Vyhodnotenie dotazníka. Analýza a riešenie rómskej problematiky.

Guardado en:
Detalles Bibliográficos
Autor principal: Neupauerová, Dominika
Formato: Capítulo de libro
Lenguaje:eslovaco
Materias:
Etiquetas: Agregar Etiqueta
Sin Etiquetas, Sea el primero en etiquetar este registro!

MARC

LEADER 00000nla a2200000 4500
001 0233392
005 20240417075122.3
041 0 |a slo 
044 |a SK 
245 1 0 |a Rómska otázka z hľadiska verejnej mienky a právneho poriadku Slovenskej republiky  |c Dominika Neupauerová 
520 |a Legislatívna úprava postavenia Rómov v SR. Rómska otázka z hľadiska verejnej mienky. Vyhodnotenie dotazníka. Analýza a riešenie rómskej problematiky. 
610 2 0 |a Rómovia 
610 2 0 |a postavenie spoločenské 
610 2 0 |a legislatíva 
610 2 0 |a mienka verejná 
610 2 0 |a Slovensko 
100 1 |a Neupauerová, Dominika